Villains by Letter-Y - Statistics

General Stats
  • This quiz has been taken 27 times
  • The average score is 4 of 8
Answer Stats
Picture Answer % Correct
Yeti
92%
Yellowjacket
80%
Yosemite Sam
80%
Yzma
48%
Yon-Rogg
32%
Yvette
20%
Yokai
16%
Yowie Yahoo
16%
No matching quizzes found
Score Distribution
Percent of People with Each Score
Percentile by Number Answered
Your Score History
You have not taken this quiz